| 000 -LEADER |
| fixed length control field |
00570nam a22001937a 4500 |
| 008 - FIXED-LENGTH DATA ELEMENTS--GENERAL INFORMATION |
| fixed length control field |
131112b xxu||||| |||| 00| 0 ger d |
| 020 ## - INTERNATIONAL STANDARD BOOK NUMBER |
| International Standard Book Number |
3854282605 |
| 041 0# - LANGUAGE CODE |
| Language code of text/sound track or separate title |
ger |
| 080 ## - UNIVERSAL DECIMAL CLASSIFICATION NUMBER |
| Universal Decimal Classification number |
338 |
| 245 00 - TITLE STATEMENT |
| Title |
Der unternehmenskauf und seine abwicklung in der praxis / |
| Statement of responsibility, etc |
Edith Nemec, Thomas Reicheneder (Hrsg.) |
| 260 ## - |
| -- |
Wien : |
| -- |
Service Fachverlag ; |
| -- |
1994 |
| 300 ## - |
| -- |
584 f. : |
| -- |
me il. ; |
| -- |
24 cm. |
| 500 ## - |
| -- |
Vorwort : f. 27-29 |
| 650 ## - |
| -- |
Biznesi |
| 650 ## - |
| -- |
Korporata |
| 700 1# - |
| -- |
Nemec, Edith (Hrsg.) |
| 700 1# - |
| -- |
Reicheneder, Thomas (Hrsg.) |
| 942 ## - ADDED ENTRY ELEMENTS (KOHA) |
| Source of classification or shelving scheme |
|
| Item type |
Books |